Cruzada

Siglo XII, Europa entera está inmersa en las Cruzadas para recuperar la Tierra Santa. Godofredo de Ibelin (Liam Neeson), caballero respetado por el rey de Jerusalén y comprometido con el mantenimiento de la paz en la región, emprende la búsqueda de su hijo ilegítimo Balian (Orlando Bloom). Godofredo...

Descripción completa

Guardado en:
Autor Principal: Scott, Ridley.
Autor Corporativo: Scott Free Productions.
Otros Autores: Monahan, William; Guión., Gregson-Williams, Harry; Música., Bloom, Orlando; Reparto., Green, Eva; Reparto., Neeson, Liam; Reparto., Irons, Jeremy; Reparto.
Formato: Deslizar
Idioma:Undetermined
Publicado: Reino Unido : 20th Century Fox, 2005.
Materias:
Etiquetas: Agregar Etiqueta
Sin Etiquetas, Sea el primero en etiquetar este registro!
LEADER 01796ngm a22003255a 4500
001 CEM.cems020040
008 230426s2005####xx#---############vlund#d
005 20230426202148.0
245 1 0 |a Cruzada  |h [videograbación] /  |c Ridley Scott. 
260 |a Reino Unido :  |b 20th Century Fox,  |c 2005. 
300 |a 144'. 
538 |a Soporte: DVD -- Peso: 4.35gb -- Resolución: 720 x 480 -- 29.97fps 
500 |a Título original: Kingdom of Heaven. 
590 |a Identificación anterior: 14 
520 |a Siglo XII, Europa entera está inmersa en las Cruzadas para recuperar la Tierra Santa. Godofredo de Ibelin (Liam Neeson), caballero respetado por el rey de Jerusalén y comprometido con el mantenimiento de la paz en la región, emprende la búsqueda de su hijo ilegítimo Balian (Orlando Bloom). Godofredo convence a su hijo para que lo acompañe en su misión. Tras la muerte de su padre, Balian hereda sus tierras y su título de caballero en Jerusalén, ciudad en la que cristianos, musulmanes y judíos han conseguido convivir pacíficamente durante la tregua entre la Segunda y la Tercera Cruzada. Con una fidelidad inquebrantable, Balian sirve a su rey y, además, se enamora de la princesa Sibylla (Eva Green), la enigmática hermana del monarca. 
100 1 |a Scott, Ridley. 
700 1 |a Monahan, William; Guión. 
700 1 |a Gregson-Williams, Harry; Música. 
700 1 |a Bloom, Orlando; Reparto. 
700 1 |a Green, Eva; Reparto. 
700 1 |a Neeson, Liam; Reparto. 
700 1 |a Irons, Jeremy; Reparto. 
710 2 |a Scott Free Productions. 
653 |a LARGOMETRAJE 
653 |a FICCIÓN 
653 |a AVENTURAS 
653 |a ROMANCE 
653 |a EDAD MEDIA 
653 |a CINE ÉPICO 
859 |a CEMS  |b BIB. CEMS - Depto. Recursos Didacticos  |h 778.5  |i SCO  |k DRD  |p 2972.23  |t Ej.1